Evaluación de posibles mejoras en un sistema de tratamiento de aguas residuales provenientes de los beneficios de café mediante la implementación de un equipo de Flotación por Aire Disuelto (DAF) para el aumento de la producción de café

Wedi'i Gadw mewn:
Manylion Llyfryddiaeth
Prif Awdur: Quesada Amaro, Jocelyn Coromoto, 1999-
Awduron Eraill: Gamboa Gamboa, Esteban, 1990- Director del TFG
Fformat: Llyfr
Iaith:Spanish
Cyhoeddwyd: San José, Costa Rica, 2023
Pynciau:
Tagiau: Ychwanegu Tag
Dim Tagiau, Byddwch y cyntaf i dagio'r cofnod hwn!

MARC

LEADER 00000nam a2200000Ia 4500
003 013898
005 20240704090358.0
008 140114s2023 cr a 000 ||spa d
040 |c cru CEDI  
100 |a Quesada Amaro, Jocelyn Coromoto, 1999-  |9 3430 
245 |a Evaluación de posibles mejoras en un sistema de tratamiento de aguas residuales provenientes de los beneficios de café mediante la implementación de un equipo de Flotación por Aire Disuelto (DAF) para el aumento de la producción de café  
260 |b San José, Costa Rica,   |c 2023 
500 |a  Proyecto de graduación (licenciatura en ingeniería química)--Universidad de Costa Rica. Facultad de Ingeniería. Escuela de Ingeniería Química, 
501 |a Director del Proyecto de Graduación: Lic. Esteban Gamboa Gamboa 
650 |x PURIFICACION DEL AGUA - FLOTACION POR AIRE DISUELTO   |x PURIFICACION DE AGUAS RESIDUALES   |x PURIFICACION DE AGUAS RESIDUALES - MANTENIMIENTO Y REPARACION - MANUALES   |x CAFE - PRODUCCION - COSTA RICA  |x PURIFICACION DEL AGUA - FLOTACION POR AIRE DISUELTO - DISEÑO   |x PURIFICACION DEL AGUA - FLOTACION POR AIRE DISUELTO - DISEÑO - COSTOS   |x PURIFICACION DE AGUAS RESIDUALES - MANUALES 
700 |a Gamboa Gamboa, Esteban, 1990-  |d Director del TFG   |9 3369 
942 |c TFG  |h TFG 9039  |i 013898  |6 TFG_9039_013898000000000 
999 |c 11792  |d 11792